000 00261 a2200085 4500
100 1 _aZajcev, V.F..
_eAutor
245 0 _aKodirovanie informacii v ES EVM /
_cZajcev V.F..
710 2 _aRadio i Svjaz'.
_eWydawca
_4pbl
260 _aMoskva :
_bRadio i Svjaz',
_c1986.
300 _a102 s.;
_c20 cm.
999 _c15537
_d15537